عرض عادي
عرض مارك
- الموهوبون
مدخل مصطلح موضوعي
001 - رقم الضبط
- حقل الضبط: 573
003 - معرف رقم الضبط
- حقل الضبط: OSt
005 - تاريخ ووقت أخر عملية
- حقل الضبط: 20110628020314.0
008 - عناصر بيانات ثابتة الطول
- حقل تحكم ثابت الطول: 110628|||a|||||| | ||| d
040 ## - مصدر الفهرسة
- هيئة الفهرسة الأصلية: OSt
- وكالة الكتابة: OSt
150 ## - مدخل-- مصطلح تاريخي
- عنصر مدخل المصطلح الموضوعي او الاسم الجغرافي: الموهوبون
- تفريع عام: تعليم
670 ## - بيانات المصدر موجوده
- الاستشهاد بالمصدر: Work cat.: (OSt): قطناني ، محمد حسن 572, اسس رعاية وتعليم الموهوبين والمتفوقين, 2011
